000
00306nam a2200121Ia 4500
008
191201s2005 xx 000 0 und d
100
_a
HALVORSON, Michael
245
0
_a
Microsoft Visual Basic . NET Step by Step
260
_a
N.Delhi
_b
PHI
_c
2005
300
_a
648
650
_a
B.Tech(CSE)
942
_2
ddc
_c
BK
999
_c
1918
_d
1918